MARC details
| 000 -LEADER |
| fixed length control field |
01211nam a2200373 i 4500 |
| 001 - CONTROL NUMBER |
| control field |
200463665 |
| 003 - CONTROL NUMBER IDENTIFIER |
| control field |
TR-AnTOB |
| 005 - DATE AND TIME OF LATEST TRANSACTION |
| control field |
20250123120343.0 |
| 007 - PHYSICAL DESCRIPTION FIXED FIELD--GENERAL INFORMATION |
| fixed length control field |
ta |
| 008 - FIXED-LENGTH DATA ELEMENTS--GENERAL INFORMATION |
| fixed length control field |
250123t20242024tu d 001 0 tur d |
| 020 ## - INTERNATIONAL STANDARD BOOK NUMBER |
| International Standard Book Number |
9786256110113 |
| Qualifying information |
(hardback) |
| 024 7# - OTHER STANDARD IDENTIFIER |
| Standard number or code |
10.53478/TUBA.978-625-6110-11-3 |
| Source of number or code |
doi |
| 035 ## - SYSTEM CONTROL NUMBER |
| System control number |
(TR-AnTOB)200463665 |
| 040 ## - CATALOGING SOURCE |
| Original cataloging agency |
TR-AnTOB |
| Language of cataloging |
eng |
| Description conventions |
rda |
| Transcribing agency |
TR-AnTOB |
| 041 0# - LANGUAGE CODE |
| Language code of text/sound track or separate title |
Türkçe |
| -- |
İngilizce |
| 050 #4 - LIBRARY OF CONGRESS CALL NUMBER |
| Classification number |
QH13 |
| Item number |
.T87 2024 |
| 090 ## - LOCALLY ASSIGNED LC-TYPE CALL NUMBER (OCLC); LOCAL CALL NUMBER (RLIN) |
| Classification number (OCLC) (R) ; Classification number, CALL (RLIN) (NR) |
QH13 |
| Local cutter number (OCLC) ; Book number/undivided call number, CALL (RLIN) |
.T87 2024 |
| 245 00 - TITLE STATEMENT |
| Title |
Türkçe bilim terimleri sözlüğü : |
| Remainder of title |
doğa bilimleri terimleri. |
| 246 00 - VARYING FORM OF TITLE |
| Title proper/short title |
Doğa bilimleri terimleri |
|
| Title proper/short title |
Doğa bilimleri terimleri sözlüğü |
|
| Title proper/short title |
Turkish science terms dictionary : |
| Remainder of title |
natural sciences terms dictionary |
| 250 ## - EDITION STATEMENT |
| Edition statement |
Birinci baskı. |
| 264 #1 - PRODUCTION, PUBLICATION, DISTRIBUTION, MANUFACTURE, AND COPYRIGHT NOTICE |
| Place of production, publication, distribution, manufacture |
Ankara : |
| Name of producer, publisher, distributor, manufacturer |
Türkiye Bilimler Akademisi, |
| Date of production, publication, distribution, manufacture, or copyright notice |
2024. |
|
| Date of production, publication, distribution, manufacture, or copyright notice |
©2024 |
| 300 ## - PHYSICAL DESCRIPTION |
| Extent |
xviii, 598 pages ; |
| Dimensions |
27 cm |
| 336 ## - CONTENT TYPE |
| Content type term |
text |
| Content type code |
txt |
| Source |
rdacontent |
| 337 ## - MEDIA TYPE |
| Media type term |
unmediated |
| Media type code |
n |
| Source |
rdamedia |
| 338 ## - CARRIER TYPE |
| Carrier type term |
volume |
| Carrier type code |
nc |
| Source |
rdacarrier |
| 500 ## - GENERAL NOTE |
| General note |
ıncludes index. |
| 650 #0 - SUBJECT ADDED ENTRY--TOPICAL TERM |
| Topical term or geographic name entry element |
Natural history |
| Form subdivision |
Dictionaries |
| 9 (RLIN) |
147942 |
| 710 2# - ADDED ENTRY--CORPORATE NAME |
| Corporate name or jurisdiction name as entry element |
Türkiye Bilimler Akademisi |
| Relator term |
issuing body |
| 9 (RLIN) |
27420 |
| 942 ## - ADDED ENTRY ELEMENTS (KOHA) |
| Source of classification or shelving scheme |
Library of Congress Classification |
| Koha item type |
Book |